Statistics for Biggest Western European Cities within 50 Km

Click here to take the quiz!

General Stats

  • This quiz has been taken 1,509 times
  • The average score is 111 of 340

Answers on the Map

Answers color-coded by a green-red scale on the quiz's map according to % correct below.
 

Answer Stats

Country Dist to larger LatLon Pop City% Correct
United Kingdom 2,508,159 51.49999473-0.116721844 14,400,000 London
96%
Ireland 221,860 53.33306114-6.248905682 1,330,000 Dublin
93%
France 341,153 48.866692932.333335326 11,200,000 Paris
92%
Germany 450,210 52.5218186613.40154862 4,500,000 Berlin
91%
Spain 1,054,228 40.40002626-3.683351686 6,250,000 Madrid
91%
United Kingdom 116,223 53.50041526-2.247987103 3,000,000 Manchester
91%
Netherlands 56,420 52.349968694.916640176 2,375,000 Amsterdam
90%
Italy 188,351 41.8959556312.48325842 3,600,000 Rome
90%
Spain 506,210 41.383299582.183370319 4,650,000 Barcelona
89%
Belgium 121,326 50.833317084.333316608 2,025,000 Brussels
89%
United Kingdom 66,487 55.95206-3.19648 435,791 Edinburgh
89%
United Kingdom 284,945 55.87440472-4.250707236 1,620,000 Glasgow
89%
Portugal 504,830 38.72272288-9.144866305 2,600,000 Lisbon
89%
Italy 643,038 45.46997529.20500891 5,150,000 Milan
88%
Germany 189,950 48.1299420411.57499345 2,200,000 Munich
87%
United Kingdom 140,693 54.58333-5.93333 274,770 Belfast
86%
United Kingdom 164,657 52.47497398-1.919996787 3,125,000 Birmingham
86%
Germany 255,228 53.550024649.999999144 2,750,000 Hamburg
86%
France 269,817 43.289979065.37501013 1,640,000 Marseille
86%
Italy 657,446 40.8400252514.24501135 4,250,000 Naples
86%
Portugal 273,216 41.15000633-8.620001263 1,190,000 Porto
86%
Netherlands 182,126 51.91996914.479974323 3,100,000 Rotterdam
86%
Austria 217,693 48.2000152816.36663896 2,150,000 Vienna
86%
Germany 153,273 50.099976838.67501542 3,125,000 Frankfurt
85%
France 342,795 45.770008564.830030475 1,930,000 Lyon
84%
France 154,642 43.703137.26608 338,620 Nice
84%
Switzerland 68,517 46.948097.44744 121,631 Bern
82%
Switzerland 163,026 47.379987818.55001013 1,360,000 Zurich
82%
United Kingdom 57,403 53.83000755-1.580017539 2,150,000 Leeds
81%
Italy 128,386 45.070387197.669960489 1,680,000 Turin
81%
Germany 67,047 50.930003686.950004434 4,850,000 Cologne
80%
Ireland 219,404 51.89797-8.47061 190,384 Cork
80%
Spain 313,868 37.40501528-5.980007366 1,320,000 Seville
80%
Spain 298,414 39.48501752-0.400012046 1,930,000 Valencia
80%
Switzerland 112,594 46.202226.14569 183,981 Geneva
79%
Italy 310,659 38.1320513.33561 648,260 Palermo
79%
France 437,452 44.85001304-0.595013063 1,010,000 Bordeaux
78%
United Kingdom 130,283 55.00037539-1.59999048 1,460,000 Newcastle
78%
Italy 79,742 43.7792511.24626 349,296 Florence
77%
Germany 447,829 51.537.04 5,600,000 The Ruhr
76%
United Kingdom 148,893 57.14369-2.09814 183,790 Aberdeen
73%
Italy 117,353 44.42648.91519 580,223 Genoa
73%
Germany 151,664 48.779979889.199996296 2,325,000 Stuttgart
73%
Spain 245,394 43.26271-2.92528 354,860 Bilbao
72%
United Kingdom 104,007 51.45523-2.59665 430,713 Bristol
72%
Germany 100,812 51.0508913.73832 486,854 Dresden
72%
France 90,787 50.649969093.080008096 1,290,000 Lille
72%
France 213,750 43.604261.44367 433,055 Toulouse
72%
United Kingdom 111,801 50.90003135-1.399976849 1,130,000 Southampton
70%
Austria 108,406 47.7994113.04399 150,269 Salzburg
69%
United Kingdom 51,839 53.36667666-1.499996583 1,540,000 Sheffield
68%
Germany 133,026 52.366970239.716657266 1,120,000 Hanover
67%
Spain 158,182 36.7204059-4.419999228 1,000,000 Málaga
67%
Germany 151,235 49.4499906611.0799849 1,170,000 Nuremberg
67%
Italy 221,374 41.1114816.8554 277,387 Bari
66%
Germany 149,409 51.3396212.37129 504,971 Leipzig
66%
France 273,377 47.21725-1.55336 277,269 Nantes
66%
Spain 205,276 39.569392.65024 401,270 Palma
66%
Italy 193,014 44.4938111.33875 366,133 Bologna
65%
Germany 95,431 53.075168.80777 546,501 Bremen
65%
France 67,689 48.583927.74553 274,845 Strasbourg
65%
Austria 97,375 47.2626611.39454 112,467 Innsbruck
64%
France 90,919 50.951941.85635 74,433 Calais
62%
Austria 134,142 47.0666715.45 222,326 Graz
62%
United Kingdom 140,678 50.37153-4.14305 247,297 Plymouth
62%
Italy 71,678 45.6432513.7903 187,056 Trieste
62%
Spain 244,448 41.65606-0.87734 674,317 Zaragoza
61%
Switzerland 52,946 47.55847.57327 164,488 Basel
60%
United Kingdom 58,185 50.82838-0.13947 139,001 Brighton
60%
United Kingdom 55,209 51.62079-3.94323 170,883 Swansea
60%
United Kingdom 129,981 57.47908-4.22398 40,755 Inverness
59%
Italy 107,719 45.429910.98444 219,103 Verona
59%
France 211,018 48.4-4.48333 144,899 Brest
58%
Italy 283,006 39.230549.11917 149,257 Cagliari
57%
France 134,091 41.927238.73462 54,364 Ajaccio
56%
Germany 82,072 54.3213310.13489 232,758 Kiel
56%
France 126,367 43.610923.87723 248,252 Montpellier
55%
Italy 168,456 37.4922315.07041 290,927 Catania
54%
United Kingdom 143,728 52.627831.29834 177,636 Norwich
54%
France 150,954 47.316675.01667 149,782 Dijon
53%
Austria 154,946 48.3063914.28611 181,162 Linz
53%
Ireland 85,950 52.66472-8.62306 90,054 Luimneach
53%
Germany 63,363 50.776646.08342 265,208 Aachen
52%
United Kingdom 59,193 56.46913-2.97489 151,592 Dundee
52%
Spain 117,914 38.908831.43296 48,684 Ibiza
52%
France 168,579 49.49380.10767 185,972 Le Havre
52%
Germany 68,304 49.500375188.470015013 1,530,000 Mannheim
52%
France 99,893 48.11198-1.67429 209,375 Rennes
52%
Netherlands 72,970 51.440835.47778 209,620 Eindhoven
51%
United Kingdom 99,776 54.99721-7.30917 87,153 Londonderry County Borough
51%
Spain 177,129 37.98704-1.13004 436,870 Murcia
51%
Spain 69,357 38.34517-0.48149 334,757 Alicante
50%
Spain 89,118 37.18817-3.60667 234,325 Granada
50%
Spain 119,443 37.89155-4.77275 328,428 Cordoba
49%
Ireland 73,381 53.27194-9.04889 70,686 Gaillimh
49%
Netherlands 147,100 53.219176.56667 181,194 Groningen
49%
Switzerland 51,206 46.5166.63282 116,751 Lausanne
49%
Ireland 51,542 51.58666-9.05026 10,000 Derry
46%
France 93,867 45.166675.71667 158,552 Grenoble
45%
Germany 98,429 54.088712.14049 198,293 Rostock
44%
Spain 120,568 42.23282-8.72264 297,332 Vigo
44%
Portugal 92,315 37.01937-7.93223 41,355 Faro
43%
United Kingdom 80,161 53.7446-0.33525 302,296 Hull
43%
Italy 88,697 38.1939415.55256 219,948 Messina
43%
France 130,790 49.254.03333 196,565 Reims
43%
Germany 91,566 49.23546.98165 181,227 Saarbrucken
42%
Spain 129,269 43.37135-8.396 246,056 A Coruna
41%
Spain 84,249 42.81687-1.64323 198,491 Pamplona
41%
Spain 61,368 43.31283-1.97499 185,357 San Sebastian
41%
Italy 50,370 44.7993510.32618 146,299 Parma
40%
Germany 56,611 48.3715410.89851 259,196 Augsburg
39%
United Kingdom 58,628 50.7236-3.52751 113,118 Exeter
39%
United Kingdom 64,022 52.059171.15545 143,767 Ipswich
39%
France 97,002 47.902891.90389 124,149 Orleans
39%
France 72,098 49.443131.09932 112,787 Rouen
39%
Germany 65,863 47.99597.85222 215,966 Freiburg
38%
France 60,384 49.119116.17269 123,914 Metz
38%
United Kingdom 59,014 51.45625-0.97113 244,070 Reading
38%
Spain 162,159 41.65518-4.72372 317,864 Valladolid
38%
United Kingdom 53,177 53.00415-2.18538 260,419 Stoke-on-Trent
37%
France 77,572 47.383330.68333 141,621 Tours
37%
Germany 89,015 52.033338.53333 331,906 Bielefeld
36%
Spain 222,625 43.53573-5.66152 277,554 Gijon
36%
Spain 74,713 43.46472-3.80444 182,700 Santander
36%
Ireland 101,410 52.25833-7.11194 47,904 Waterford
36%
United Kingdom 82,203 54.15-4.48333 26,218 Douglas
35%
Germany 54,476 49.009368.40444 283,799 Karlsruhe
35%
France 129,117 42.697642.89541 110,706 Perpignan
33%
Germany 74,378 52.1277311.62916 229,826 Magdeburg
32%
Italy 105,995 44.0575512.56528 118,673 Rimini
32%
Italy 61,313 45.5355810.21472 184,826 Brescia
31%
Spain 109,581 40.96882-5.66388 155,619 Salamanca
31%
Italy 84,233 40.4163917.25478 181,082 Taranto
31%
Portugal 106,068 40.20564-8.41955 106,582 Coimbra
30%
Spain 58,309 41.983112.82493 96,188 Girona
30%
Spain 87,375 42.60003-5.57032 134,305 Leon
30%
Andorra 84,404 42.507791.52109 20,430 Andorra la Vella
29%
Germany 51,514 53.550218.57674 117,446 Bremerhaven
29%
France 109,473 45.779663.08628 138,681 Clermont-Ferrand
29%
France 81,737 480.2 144,515 Le Mans
29%
France 178,027 45.831531.2578 141,176 Limoges
29%
United Kingdom 51,063 53.22683-0.53792 89,228 Lincoln
29%
Germany 67,243 48.398419.99155 120,451 Ulm
29%
Spain 109,213 36.83814-2.45974 188,810 Almeria
28%
France 97,108 49.92.3 143,086 Amiens
28%
Italy 91,348 43.594213.50337 89,994 Ancona
28%
United Kingdom 85,326 54.8951-2.9382 72,633 Carlisle
28%
Germany 61,699 50.835712.92922 247,220 Chemnitz
28%
Germany 83,108 50.978711.03283 203,254 Erfurt
28%
Austria 65,595 46.6247214.30528 90,610 Klagenfurt am Woerthersee
28%
Italy 71,088 43.5442710.32615 153,773 Livorno
28%
Germany 68,409 54.784319.43961 85,838 Flensburg
27%
France 120,794 46.16667-1.15 76,810 La Rochelle
27%
France 117,025 43.3-0.36667 82,697 Pau
27%
Germany 88,665 49.0345112.11923 129,151 Regensburg
27%
Italy 63,090 46.063713.24458 97,761 Udine
27%
France 80,734 47.46667-0.55 168,279 Angers
26%
France 104,400 42.702789.45 41,001 Bastia
26%
Spain 78,630 36.68645-6.13606 207,532 Jerez de la Frontera
26%
Italy 78,219 40.3548118.17244 80,695 Lecce
26%
France 61,495 49.63984-1.61636 26,655 Cherbourg-Octeville
25%
Italy 118,514 43.112212.38878 120,137 Perugia
25%
Spain 76,218 41.116671.25 140,323 Tarragona
25%
Germany 62,951 49.755656.63935 100,129 Trier
25%
Italy 85,922 46.4906711.33982 99,049 Bolzano
24%
Germany 104,062 51.316679.5 194,501 Kassel
24%
Netherlands 51,682 51.84255.85278 158,732 Nijmegen
24%
United Kingdom 56,278 52.57364-0.24777 140,141 Peterborough
24%
France 52,823 48-4.1 63,849 Quimper
24%
Italy 173,208 40.727878.55037 91,895 Sassari
24%
United Kingdom 57,367 51.55797-1.78116 155,432 Swindon
24%
Spain 178,894 38.87789-6.97061 148,334 Badajoz
23%
Spain 99,256 42.35022-3.67527 178,966 Burgos
23%
Netherlands 57,565 52.218336.89583 153,655 Enschede
23%
Spain 50,258 42.84998-2.67268 235,661 Gasteiz / Vitoria
23%
Italy 60,578 45.737647.31722 32,295 Aosta
22%
Spain 86,457 37.26638-6.94004 148,806 Huelva
22%
Germany 54,482 50.353577.57884 107,319 Koblenz
22%
Netherlands 50,686 53.201395.80859 91,424 Leeuwarden
22%
Italy 153,264 42.458414.20283 116,596 Pescara
22%
Germany 58,460 48.7650811.42372 120,658 Ingolstadt
21%
United Kingdom 150,263 58.98465-2.95953 20,100 Kirkwall
21%
Spain 55,873 42.88052-8.54569 95,092 Santiago de Compostela
21%
Germany 54,808 53.6293711.41316 96,641 Schwerin
21%
Germany 83,523 51.7576914.32888 84,754 Cottbus
20%
Italy 115,796 41.4584515.55188137,032Foggia
20%
Italy 74,276 44.110969.83632 88,491 La Spezia
20%
United Kingdom 339,865 60.15456-1.14899 22,210 Lerwick
20%
Italy 70,596 45.4079711.88586 203,725 Padova
20%
France 92,837 46.583330.33333 85,960 Poitiers
20%
Spain 128,515 38.99424-1.85643 169,716 Albacete
19%
France 76,140 47.248786.01815 128,426 Besancon
19%
Germany 55,346 52.2659410.52673 244,715 Braunschweig
18%
Spain 66,502 37.76922-3.79028 116,557 Jaen
18%
Germany 89,721 49.793919.95121 133,731 Wuerzburg
18%
Spain 51,400 36.13326-5.45051 116,209 Algeciras
17%
Spain 63,633 39.98333-0.03333 180,005 Castello de la Plana
17%
Italy 118,583 38.8824716.60086 78,970 Catanzaro
17%
Spain 76,444 41.616740.62218 135,919 Lleida
17%
Germany 62,984 48.566513.43122 50,560 Passau
17%
Ireland 84,322 54.26969-8.46943 20,228 Sligo
17%
France 105,709 48.34.08333 60,785 Troyes
17%
United Kingdom 81,798 52.41548-4.08292 18,392 Aberystwyth
16%
Spain 65,999 42.13615-0.4087 52,059 Huesca
16%
Spain 78,934 43.00992-7.55602 96,678 Lugo
16%
United Kingdom 57,025 54.27966-0.40443 38,909 Scarborough
16%
United Kingdom 152,648 58.21901-6.38803 18,500 Stornoway
16%
France 61,497 47.75-3.36667 58,112 Lorient
15%
Spain 54,554 38.91611-6.34366 56,395 Merida
15%
Italy 83,318 40.923349.50395 42,930 Olbia
15%
Italy 55,997 45.042029.70462 93,228 Piacenza
15%
Switzerland 54,722 46.229087.35942 28,045 Sitten
15%
Italy 53,469 44.909248.61007 64,178 Alessandria
14%
France 52,959 43.216672.35 49,600 Carcassonne
14%
Switzerland 64,721 46.849869.53287 32,429 Chur
14%
Portugal 86,276 38.56667-7.9 55,620 Evora
14%
Italy 57,507 41.4661412.9043 76,305 Latina
14%
Spain 71,749 42.33669-7.86407 107,742 Ourense
14%
France 67,635 47.83.56667 41,516 Auxerre
13%
Portugal 52,346 40.64427-8.64554 54,162 Aveiro
13%
Germany 57,164 49.9478211.57894 75,061 Bayreuth
13%
France 61,459 43.341223.21402 74,081 Beziers
13%
Spain 84,200 39.47649-6.37224 93,131 Caceres
13%
France 54,534 49.933331.08333 35,707 Dieppe
13%
Germany 63,221 52.3471414.55062 51,691 Frankfurt (Oder)
13%
Italy 138,952 35.5014212.60964 4,065 Lampedusa
13%
Germany 66,150 54.3091113.0818 58,976 Stralsund
13%
Italy 56,271 43.4470811.86867 76,346 Arezzo
12%
Spain 72,264 40.65724-4.69951 56,855 Avila
12%
France 98,489 47.083332.4 67,987 Bourges
12%
Spain 97,129 38.98626-3.92907 74,014 Ciudad Real
12%
United Kingdom 56,601 57.65-3.33333 21,236 Elgin
12%
Germany 70,048 50.551629.67518 63,760 Fulda
12%
Italy 65,922 40.6417515.80794 56,433 Potenza
12%
France 57,454 48.65-2.01667 50,676 Saint-Malo
12%
France 68,059 44.933334.9 63,864 Valence
12%
France 64,756 43.92982.148 52,409 Albi
11%
United Kingdom 54,469 51.08022-4.05808 32,532 Barnstaple
11%
Portugal 83,356 41.80582-6.75719 34,375 Braganca
11%
Spain 107,374 40.06667-2.13333 55,866 Cuenca
11%
Italy 97,456 42.7687111.10955 60,922 Grosseto
11%
Italy 79,194 37.8673612.4983 77,915 Marsala
11%
Germany 50,111 47.8563712.12247 60,167 Rosenheim
11%
Spain 54,609 40.94808-4.11839 56,660 Segovia
11%
Italy 64,411 42.5618412.63667 97,050 Terni
11%
Spain 60,077 41.50633-5.74456 66,293 Zamora
11%
Portugal 61,314 38.01506-7.86323 34,760 Beja
10%
United Kingdom 77,225 55.78333-2 26,000 Berwick-Upon-Tweed
10%
Italy 66,303 44.390717.54828 46,416 Cuneo
10%
France 72,702 44.566676.08333 42,715 Gap
10%
Germany78,26747.7267410.31389 61,399 Kempten (Allgaeu)
10%
France 67,802 48.06667-0.76667 50,489 Laval
10%
Austria 55,879 46.828912.76903 12,270 Lienz
10%
Germany 66,002 50.874828.02431 107,242 Siegen
10%
Spain 92,748 40.3456-1.10646 35,396 Teruel
10%
Ireland 80,175 52.27042-9.70264 22,941 Tralee
10%
France 88,446 45.650.15 49,468 Angouleme
9%
France 53,799 47.583331.33333 53,660 Blois
9%
France 53,214 48.446851.48925 43,838 Chartres
9%
Italy 87,170 37.075714.23704 73,854 Gela
9%
Germany 56,235 48.5296112.16179 60,488 Landshut
9%
Germany 86,117 53.5641413.27532 68,082 Neubrandenburg
9%
France 56,073 46.32313-0.45877 54,660 Niort
9%
Portugal 55,443 37.13856-8.53775 38,487 Portimao
9%
Spain 78,064 41.76401-2.46883 39,528 Soria
9%
United Kingdom 53,994 54.54897-3.58412 24,803 Whitehaven
9%
France 60,885 44.20.63333 34,367 Agen
8%
Italy 56,510 42.0932511.79674 47,543 Civitavecchia
8%
Spain 61,333 37.67119-1.7017 91,906 Lorca
8%
Germany 53,079 50.809048.77069 78,895 Marburg an der Lahn
8%
France 58,621 46.989563.159 43,988 Nevers
8%
Italy 68,956 40.319499.31394 35,948 Nuoro
8%
Italy 76,327 39.899578.59326 24,641 Oristano
8%
Spain 84,435 42.54664-6.59619 68,736 Ponferrada
8%
France 58,716 41.591019.27947 11,820 Porto-Vecchio
8%
France 92,708 48.51513-2.76838 52,774 Saint-Brieuc
8%
Austria 54,511 48.215.63333 49,001 Sankt Polten
8%
France 56,647 49.166675.38333 21,798 Verdun
8%
Portugal 56,210 40.66101-7.90971 26,364 Viseu
8%
Portugal 89,995 39.82219-7.49087 33,479 Castelo Branco
7%
Ireland 66,453 53.85-9.3 12,874 Castlebar
7%
France 74,308 49.766674.71667 52,415 Charleville-Mezieres
7%
France 60,979 46.816671.7 53,301 Chateauroux
7%
Spain 72,284 40.001123.84144 29,160 Ciutadella
7%
France 59,068 48.183336.45 39,518 Epinal
7%
Spain 58,312 38.96667-0.18333 80,020 Gandia
7%
Portugal 81,690 40.53733-7.26575 32,111 Guarda
7%
France 59,696 46.66667-1.43333 59,410 La Roche-sur-Yon
7%
Germany 51,332 53.8689310.68729 212,207 Luebeck
7%
France 66,417 43.89022-0.49713 36,205 Mont-de-Marsan
7%
Germany 50,989 51.962367.62571 270,184 Muenster
7%
France 64,311 45.183330.71667 34,770 Perigueux
7%
Italy 50,969 42.9334710.52757 30,103 Piombino
7%
Spain 66,213 40.03116-6.08845 41,148 Plasencia
7%
France 58,012 44.352582.57338 28,337 Rodez
7%
United Kingdom 60,183 49.18804-2.10491 28,000 Saint Helier
7%
France 53,899 49.11624-1.09031 21,722 Saint-Lo
7%
France 71,216 49.848893.28757 55,407 Saint-Quentin
7%
Italy 51,167 46.168529.87134 19,208 Sondrio
7%
France 59,788 43.650.58333 24,494 Auch
6%
France 55,550 46.205745.2258 45,340 Bourg-en-Bresse
6%
France 54,477 44.899786.64201 11,577 Briancon
6%
France 78,749 45.151.53333 53,466 Brive-la-Gaillarde
6%
Spain 67,498 41.35353-1.64318 21,933 Calatayud
6%
France 51,127 47.06667-0.88333 53,160 Cholet
6%
Spain 58,869 40.6-6.53333 14,080 Ciudad Rodrigo
6%
France 51,059 49.417942.82606 44,243 Compiegne
6%
France 56,910 48.73333-3.46667 21,473 Lannion
6%
Spain 55,534 43.41982-4.75485 14,013 Llanes
6%
Germany 60,042 51.501810.7957 43,912 Nordhausen
6%
France 61,230 45.75-0.63333 29,512 Saintes
6%
Portugal 57,875 37.95622-8.86979 12,791 Sines
6%
Germany 51,488 52.606911.85867 37,722 Stendal
6%
Spain 91,439 39.96348-4.83076 88,856 Talavera de la Reina
6%
Spain 61,141 41.05-0.13333 16,392 Alcaniz
5%
Spain 75,518 41.67041-3.6892 32,928 Aranda de Duero
5%
France 76,747 44.916672.45 34,724 Aurillac
5%
Spain 72,619 37.49073-2.77259 23,359 Baza
5%
Spain 55,383 42.00249-5.67826 19,119 Benavente
5%
France 60,630 46.783334.85 47,251 Chalon-sur-Saone
5%
France 59,764 48.111215.14134 28,981 Chaumont
5%
France 59,238 45.043663.88523 22,718 Le Puy-en-Velay
5%
France 56,999 44.516673.5 14,837 Mende
5%
France 72,135 46.333332.6 44,960 Montlucon
5%
Portugal 58,890 39.29379-7.43122 15,581 Portalegre
5%
France 65,874 46.033334.06667 39,840 Roanne
5%
Spain 62,307 40.812490.5216 35,143 Tortosa
5%
Spain 73,805 42.06166-1.60452 34,717 Tudela
5%
Spain 56,277 41.94149-7.43809 14,391 Verin
5%
Spain 86,885 38.21896-2.9807 67,904 Campina
4%
Spain 72,306 43.39788-6.79217 22,894 Castrillon
4%
France 59,507 46.166671.86667 15,853 Gueret
4%
Spain 54,517 38.37906-4.84827 17,669 Pozoblanco
4%
France 55,717 48.633334.95 31,918 Saint-Dizier
4%
France 54,417 43.116670.73333 12,193 Saint-Gaudens
4%
Spain 80,437 39.15218-3.02431 38,095 Tomelloso
4%
France 53,343 45.552.31667 11,384 Ussel
4%
Spain 53,383 38.76211-3.38483 31,147 Valdepenas
4%
Portugal 61,784 41.1053-7.32097 19,406 Custoias
3%
Portugal 80,421 39.46203-8.7118 50,000 Monsanto
3%

Score Distribution

Percentile by Number Answered

Percent of People with Each Score

Your Score History

You have not taken this quiz